Normal view
MARC view
Entry Topical Term
001 - CONTROL NUMBER
- control field: 17761
003 - CONTROL NUMBER IDENTIFIER
- control field: OSt
005 - DATE AND TIME OF LATEST TRANSACTION
- control field: 20200916164317.0
008 - FIXED-LENGTH DATA ELEMENTS
- fixed length control field: 200916|| aca||aabn | a|a d
040 ## - CATALOGING SOURCE
- Original cataloging agency: OSt
- Transcribing agency: OSt
150 ## - HEADING--TOPICAL TERM
- Topical term or geographic name entry element: Social citizenship, Social justice, Plural values, Market price and land acquisition
670 ## - SOURCE DATA FOUND
- Source citation: Work cat.: (OSt): Dey Biswas, S. 17760, Social citizenship and plural values of land: land acquisition cases from India
